A biologist's guide to analysis of DNA microarray data
A great introductory book that details reliable approaches to problems met instandard microarray data analyses. It provides examples of establishedapproaches such as cluster analysis, function prediction, and principle component analysis. Discover real examples to illustrate the key concepts of data...
Sparad:
| Huvudupphovsman: | |
|---|---|
| Materialtyp: | Bok |
| Språk: | Undetermined |
| Publicerad: |
New York
Wiley-Interscience
2002
|
| Ämnen: | |
| Taggar: |
Lägg till en tagg
Inga taggar, Lägg till första taggen!
|
| Thư viện lưu trữ: | Trung tâm Học liệu Trường Đại học Cần Thơ |
|---|
| LEADER | 01049nam a2200193Ia 4500 | ||
|---|---|---|---|
| 001 | CTU_191990 | ||
| 008 | 210402s9999 xx 000 0 und d | ||
| 082 | |a 572.8 | ||
| 082 | |b K74 | ||
| 100 | |a Knudsen, Steen | ||
| 245 | 2 | |a A biologist's guide to analysis of DNA microarray data | |
| 245 | 0 | |c Steen Knudsen | |
| 260 | |a New York | ||
| 260 | |b Wiley-Interscience | ||
| 260 | |c 2002 | ||
| 520 | |a A great introductory book that details reliable approaches to problems met instandard microarray data analyses. It provides examples of establishedapproaches such as cluster analysis, function prediction, and principle component analysis. Discover real examples to illustrate the key concepts of data analysis. Written for those without any advanced background in math, statistics, or computer sciences, this book is essential for anyone interested in harnessing the immense potential of microarrays in biology and medicine | ||
| 650 | |a DNA microarrays,Vi mạng DNA | ||
| 904 | |i Trúc | ||
| 980 | |a Trung tâm Học liệu Trường Đại học Cần Thơ | ||